| 000 | 01031nam a22002657a 4500 | ||
|---|---|---|---|
| 001 | BRCA_9224 | ||
| 003 | FranzMayer | ||
| 005 | 20230717132830.0 | ||
| 008 | 220909b |||||||| |||| 00| 0 eng d | ||
| 020 | _a9788413404189 | ||
| 040 |
_bspa _cMFM |
||
| 041 | _aspa | ||
| 050 |
_aPN4305.C7 _bV35 2021 |
||
| 100 |
_aVallejo Moreu, Irene _928536 |
||
| 245 | 1 |
_aLos sueños de mis fantasmas / _cIrene Vallejo Moreu |
|
| 260 |
_aZaragoza, España : _bFacultad de Filosofía y Letras, Universidad de Zaragoza, _c2021 |
||
| 300 |
_a22 p. : _c14.5 x 21.5 cm. |
||
| 500 | _aL60/N5 | ||
| 520 | _a"Los sueños de mis fantasmas" de Irene Vallejo Moreu, es un discurso como Alumna Distinguida de la Facultad de Filosofía y Letras de la Universidad de Zaragoza | ||
| 600 |
_aVallejo Moreu, Irene _vDiscursos _928537 |
||
| 610 |
_aUniversidad de Zaragoza. _bFacultad de Filosofía y Letras _928538 |
||
| 650 |
_aDiscursos universitarios _928539 |
||
| 942 |
_2lcc _cB |
||
| 999 |
_c10843 _d10843 |
||